000 00874cab a2200241 4500
001 WB3504-43
008 090401t1999 xxu||||| |||| 00| 0 eng d
035 _a(Sirsi) u90915
041 _aeng
245 _aSavills looks for expansion overseas
260 _c1999
350 _a0
490 _aTimes
_v11 January 1999, 48
490 _aFinancial Times
_v13 January 1999, 27(1)
520 _aSavills, the property consultant, is hoping to expand overseas, but so far has found no interested companies. First Pacific Davies (their 20% shareholder) have been instructed not to buy any further shares in the company until April 1999.
650 _aFIRST PACIFIC DAVIES
650 _aINTERNATIONAL EXPANSION
650 _aSAVILLS
650 _aSURVEYING FIRMS
690 _aMANAGEMENT-BUSINESS MANAGEMENT-PROFESSIONAL PRACTICE
942 _n0
948 _c26/01/1999
999 _c57676
_d57676